Stany USA z największą liczbą posiadaczy broni - Statystyki

Ogólne statystyki
  • Ten quiz został rozwiązany 22 razy
  • Średni wynik to 5 z 10
Statystyki odpowiedzi
% Stan % Poprawnych
49.9 Nowy Meksyk
65%
61.7 Alaska
60%
48.9 Alabama
55%
47.9 Dakota Północna
50%
45.1 Hawaje
45%
56.9 Idaho
45%
52.3 Montana
40%
53.8 Wyoming
40%
57.9 Arkansas
30%
54.2 Wirginia Zachodnia
25%
Nie znaleziono quizów pasujących do podanych kryteriów
Rozkład punktacji
Procent ludzi z każdym wynikiem
Percentyl według liczby udzielonych odpowiedzi
Twoja historia wyników
Nie rozwiązałeś tego quizu